00545nam a2200133Ia 4500082001200000100001400012245017600026260003900202300002100241650003100262650005800293650004400351710001600395 aTR.0119 aRaj Kumar 0aFederalising process and the impact of the Finance Commission : A study in financial relations between centre and the states with particular reference to Haryana 1966-1982 c1986bMaharshi Dayanand University a253p. + C D - 51 aINDIA - FINANCE COMMISSION aFINANCE COMMISSION, INDIA//INDIA - FINANCE COMMISSION aCENTRE STATE FISCAL RELATIONS - HARYANA aGoyal, O.P.